000 01389nam a2200397 c 4500
001 6028
003 ES-MaCES
005 20150929135403.0
008 971105s1997 sp d ||| | spa d
017 _aM. 5.285-1997
_bDL
035 _aCES19980060781m
040 _aES-MaCES
_bspa
_cES-MaCES
111 2 _aReunión no oficial de los organismos reguladores de la Unión Europea
_d1995
_cToledo
_9264
245 1 0 _aReunión no oficial de los organismos reguladores de la Unión Europea
_b: Toledo, 16-19 noviembre 1995
260 _aMadrid
_bConsejo de Seguridad Nuclear
_cD.L. 1997
300 _a165 p.
_bgráf.
_c30 cm
490 1 _aColección Otros Documentos CSN
_v2.1996
541 _cGratuito
630 0 4 _aTratado Euratom
_932913
650 4 _aenergía nuclear
_927767
650 4 _acentral nuclear
_930964
650 4 _aseguridad
_928751
650 4 _adesperdicio radiactivo
_929401
650 4 _aradiactividad
_927772
650 4 _aorganización institucional
_927196
650 4 _amecanismo de control
_929918
650 4 _aconferencia
_927013
653 1 0 _aIndustria-Energía
650 4 _929020
_apaís de la UE
650 4 _926752
_aUE
710 2 _aConsejo de Seguridad Nuclear (España)
_eed.
_92397
830 0 _aColección Otros Documentos CSN
_v2.1996
_932912
902 _aLIB Libro
942 _2CES
_cBK
_h5.2.
999 _c6028
_d6028